Pride and Prejudice (Record no. 10987)

MARC details
000 -LEADER
fixed length control field 00380nam a22001697a 4500
003 - CONTROL NUMBER IDENTIFIER
control field OSt
008 - FIXED-LENGTH DATA ELEMENTS--GENERAL INFORMATION
fixed length control field 210814b ||||| |||| 00| 0 eng d
020 ## - INTERNATIONAL STANDARD BOOK NUMBER
International Standard Book Number 9788124800195
082 ## - DEWEY DECIMAL CLASSIFICATION NUMBER
Classification number 823.7
Item number AUP
100 G# - MAIN ENTRY--PERSONAL NAME
Personal name AUSTEN, Jane
245 ## - TITLE STATEMENT
Title Pride and Prejudice
250 ## - EDITION STATEMENT
Edition statement Ed
260 ## - PUBLICATION, DISTRIBUTION, ETC. (IMPRINT)
Place of publication, distribution, etc New Delhi
Name of publisher, distributor, etc Peacock Books
Date of publication, distribution, etc 2020
300 ## - PHYSICAL DESCRIPTION
Extent 335
650 ## - SUBJECT ADDED ENTRY--TOPICAL TERM
Topical term or geographic name as entry element Fiction
942 ## - ADDED ENTRY ELEMENTS (KOHA)
Source of classification or shelving scheme Dewey Decimal Classification
Koha item type Text Books
Holdings
Withdrawn status Lost status Source of classification or shelving scheme Damaged status Not for loan Collection code Home library Current library Date acquired Source of acquisition Currency Cost, normal purchase price Bill Number Total Checkouts Full call number Acc. no. / Barcode Date last seen Date last borrowed Actual Cost, discounted price Bill Date Koha item type Public note
    Dewey Decimal Classification     GENERAL PIET C-LIBRARY PIET C-LIBRARY 25/09/2021 Prism Books and Stationery Shop IN Rupees 135.00 GST-IN284 1 823.7 AUP 33262 19/02/2024 02/02/2024 108.00 25/09/2021 Text Books Stories and Novels
    Dewey Decimal Classification     GENERAL PIET C-LIBRARY PIET C-LIBRARY 15/02/2024 Zafaa Books and Distributors In rupees 249.00 ZBD0375   823.7 AUP 35550 24/02/2024   169.32 15/02/2024 Reference Books  
    Dewey Decimal Classification     GENERAL PIET C-LIBRARY PIET C-LIBRARY 15/02/2024 Zafaa Books and Distributors In rupees 249.00 ZBD0375 4 823.7 AUP 35551 09/03/2026 16/02/2026 169.32 15/02/2024 Text Books  

Design & Developed by: PIET Central Library
R70 Miles Stone Pattikalyana Samalkha Panipat 132102
mail ID :- [email protected], Phone No:- 0180-2569700 Ex.216